| 000 | 00646nam a22001937a 4500 | ||
|---|---|---|---|
| 003 | OSt | ||
| 005 | 20210421070310.0 | ||
| 008 | 210226s1994 ||||| |||| 00| 0 eng d | ||
| 040 |
_aeng _beng _cDLC |
||
| 041 | _aeng | ||
| 080 |
_a616.8 _bM-81 |
||
| 100 |
_91160 _aMonro, Alexander |
||
| 245 |
_aThis Special Edition of Observations on the Structure and Functions of the Nervous System _c/ by: The Classics of Neurology and Neurosurgery Library |
||
| 260 |
_aNew York _bThe Classics of Neurology and Neurosurgery Library _c1994 |
||
| 300 |
_a177 p. _bill. |
||
| 650 | 0 |
_9100 _aNeurology |
|
| 653 | _aნევროლოგია | ||
| 942 |
_2udc _cBK |
||
| 999 |
_c1775 _d1775 |
||